[Event "III Festival"]
[Site "Salsomaggiore Terme ITA"]
[Date "1999.05.09"]
[Round "6"]
[White "Lapiccirella, Mattia"]
[Black "Everet, Alexandro"]
[Result "0-1"]
[WhiteElo "2077"]
[BlackElo "2253"]
[PlyCount "128"]
[EventDate "1999.05.06"]

1.d4 Nf6 2.c4 g6 3.Nc3 Bg7 4.e4 d6 5.Nf3 O-O 6.Be2 Nbd7 7.O-O c5 8.d5 Re8 
9.Nd2 Nf8 10.f4 e6 11.Kh1 exd5 12.cxd5 h5 13.h3 a6 14.a4 Qe7 15.Bf3 N6h7 
16.Nc4 Rb8 17.e5 dxe5 18.d6 Qh4 19.Bd5 Nf6 20.Nxe5 Nxd5 21.Nxd5 Be6 22.
Ne7+ Kh8 23.Nf3 Qf6 24.f5 Bc4 25.Re1 Nh7 26.Qc2 Qxd6 27.fxg6 Rxe7 28.Rxe7 
Qxe7 29.Bf4 Rc8 30.Re1 Qf6 31.Qxc4 fxg6 32.Be5 Qf8 33.Nh4 Rc6 34.Nf3 Bf6 
35.Bxf6+ Rxf6 36.Ne5 Kg7 37.Nd7 Qf7 38.Qxc5 Rf1+ 39.Rxf1 Qxf1+ 40.Kh2 Qf4+
41.Kh1 Kh6 42.Qe5 Qxa4 43.Qe3+ Ng5 44.Ne5 Qe4 45.Nf7+ Kg7 46.Qxg5 Kxf7 47.
Qd2 Qc6 48.Qf4+ Kg8 49.Qd4 Kh7 50.Qe5 Qd7 51.Qf6 Qe8 52.Qb6 Qc6 53.Qe3 Qc7
54.Qd4 a5 55.Qd5 b6 56.Qb5 Kh6 57.Qf1 Qd6 58.Qf2 a4 59.Qe3+ Kh7 60.Qf3 Qd7
61.Qe3 b5 62.Qf4 Qe7 63.g4 h4 64.g5 Qe1+ 0-1

[Event "III Festival"]
[Site "Salsomaggiore Terme ITA"]
[Date "1999.05.09"]
[Round "6"]
[White "Peric, Slavisa"]
[Black "Collutiis, Duilio"]
[Result "1-0"]
[WhiteElo "2499"]
[BlackElo "2196"]
[PlyCount "77"]
[EventDate "1999.05.06"]

1.d4 Nf6 2.Nf3 c5 3.e3 d5 4.b3 Nc6 5.a3 e6 6.Bb2 Qb6 7.dxc5 Bxc5 8.Bd3 O-O
9.Nbd2 a5 10.O-O Re8 11.e4 dxe4 12.Nxe4 Nxe4 13.Bxe4 h6 14.Nd2 Qc7 15.Qh5 
Bf8 16.Nf3 Rd8 17.Rad1 f5 18.Bd3 Bd6 19.Bc4 Qf7 20.Qh3 Rb8 21.a4 Bc7 22.
Rxd8+ Bxd8 23.Ne5 Nxe5 24.Bxe5 Ra8 25.Rd1 Bd7 26.Qd3 Bc6 27.Qd6 Bd5 28.
Bxd5 exd5 29.Qxd5 Qxd5 30.Rxd5 Kf7 31.f4 Bf6 32.Rd7+ Ke6 33.Rd6+ Ke7 34.
Rb6 Bxe5 35.Rxb7+ Ke6 36.fxe5 Kxe5 37.Rxg7 Rc8 38.c4 Rb8 39.Rg3 1-0

[Event "III Festival"]
[Site "Salsomaggiore Terme ITA"]
[Date "1999.05.09"]
[Round "6"]
[White "Pipitone, Antonio"]
[Black "Rigo, Gianfrancesco"]
[Result "1-0"]
[WhiteElo "2057"]
[BlackElo "2022"]
[PlyCount "85"]
[EventDate "1999.05.06"]

1.e4 e6 2.d4 d5 3.e5 c5 4.c3 Nc6 5.Nf3 Qb6 6.Be2 cxd4 7.cxd4 f6 8.exf6 
Nxf6 9.O-O Bd6 10.Nc3 O-O 11.Rb1 a6 12.Bg5 Qc7 13.h3 Bd7 14.a3 b5 15.Rc1 
Qb6 16.b4 Kh8 17.Qd3 Be8 18.Qe3 Bd7 19.Rfd1 Rae8 20.Qd3 Qb8 21.Be3 Re7 22.
Qd2 Be8 23.Re1 Bf7 24.Nxb5 axb5 25.Rxc6 Ne4 26.Qd3 Be8 27.Rcc1 Ra7 28.Qb3 
Bg6 29.Ne5 Bxe5 30.dxe5 Raf7 31.f4 Ng3 32.Bg4 Bf5 33.Bc5 Ne4 34.Bxf8 Rxf8 
35.Bxf5 Rxf5 36.Qe3 g5 37.Rf1 gxf4 38.Rxf4 Rg5 39.Rxe4 Rxg2+ 40.Kxg2 dxe4 
41.Qxe4 Qd8 42.Rc2 Qg5+ 43.Kh2 1-0

[Event "III Festival"]
[Site "Salsomaggiore Terme ITA"]
[Date "1999.05.09"]
[Round "6"]
[White "Prelati, Maurizio"]
[Black "Pegoraro, Nicola"]
[Result "0-1"]
[WhiteElo "2155"]
[BlackElo "2072"]
[PlyCount "60"]
[EventDate "1999.05.06"]

1.e4 c5 2.d4 cxd4 3.c3 d3 4.Bxd3 g6 5.Nf3 d6 6.c4 Bg7 7.O-O Nc6 8.h3 Nf6 
9.Nc3 O-O 10.Be3 Nd7 11.Qd2 Nde5 12.Nxe5 Nxe5 13.Be2 Be6 14.b3 Nc6 15.Rad1
Kh8 16.Nd5 f5 17.exf5 Bxf5 18.Bg5 Rf7 19.Bf3 Nd4 20.Bg4 Bxg4 21.hxg4 Qd7 
22.Be3 e5 23.g5 Nf3+ 24.gxf3 Rxf3 25.Nf4 exf4 26.Bxf4 Qg4+ 27.Bg3 Be5 28.
Kg2 Raf8 29.Qe1 Kg8 30.Rg1 Rxf2+ 0-1

[Event "III Festival"]
[Site "Salsomaggiore Terme ITA"]
[Date "1999.05.09"]
[Round "6"]
[White "Sabatini, Carlo"]
[Black "Barbafiera, Luigi"]
[Result "0-1"]
[WhiteElo "1950"]
[BlackElo "1909"]
[PlyCount "136"]
[EventDate "1999.05.06"]

1.d4 Nf6 2.c4 c5 3.Nf3 g6 4.Nc3 cxd4 5.Nxd4 Bg7 6.e4 d6 7.Be2 Nc6 8.Be3 
Bd7 9.O-O O-O 10.h3 a6 11.Qd2 Nxd4 12.Bxd4 Bc6 13.f3 e6 14.Rad1 Qa5 15.a3 
Rad8 16.b4 Qc7 17.Qe3 Qe7 18.Qf2 d5 19.Bc5 Qc7 20.Bxf8 Bxf8 21.cxd5 exd5 
22.exd5 Bxd5 23.Nxd5 Nxd5 24.Kh1 Nf6 25.Rxd8 Qxd8 26.Rd1 Qc7 27.f4 Qc2 28.
Rd8 Ne4 29.Qe3 Qxe2 30.Qxe2 Ng3+ 31.Kg1 Nxe2+ 32.Kf2 Nc3 33.Rb8 Nb5 34.a4 
Nc3 35.Rxb7 Nxa4 36.Ke3 Nc3 37.Kd4 Nb5+ 38.Kd3 Bxb4 39.Rb6 Be1 40.Rxa6 Bg3
41.Ke4 h5 42.Ra5 Nd6+ 43.Kf3 h4 44.Rd5 Nf5 45.Ra5 Kg7 46.Ra7 Nd4+ 47.Ke4 
Ne6 48.f5 Ng5+ 49.Ke3 gxf5 50.Ke2 f4 51.Rb7 Kg6 52.Rb5 f6 53.Ra5 f3+ 54.
gxf3 Nxh3 55.Kf1 f5 56.Kg2 Nf4+ 57.Kh1 h3 58.Ra8 Kg5 59.Rg8+ Ng6 60.Kg1 f4
61.Kh1 Kf5 62.Ra8 Nh4 63.Ra3 Ng2 64.Ra5+ Ke6 65.Rb5 Ne1 66.Rb3 Kd5 67.Rb5+
Kc4 68.Rh5 Nd3 0-1

[Event "III Festival"]
[Site "Salsomaggiore Terme ITA"]
[Date "1999.05.09"]
[Round "6"]
[White "Salami, Marco"]
[Black "Vezzosi, Paolo"]
[Result "1/2-1/2"]
[WhiteElo "2220"]
[BlackElo "2339"]
[PlyCount "93"]
[EventDate "1999.05.06"]

1.e4 c5 2.Nc3 Nc6 3.g3 g6 4.Bg2 Bg7 5.d3 d6 6.f4 e6 7.Nf3 Nge7 8.O-O O-O 
9.Be3 Nd4 10.e5 Nef5 11.Bf2 dxe5 12.Nxe5 Rb8 13.Ne4 f6 14.Nc4 b6 15.c3 Nb5
16.Qb3 Nbd6 17.Nexd6 Nxd6 18.Bxc5 Nxc4 19.dxc4 Rf7 20.Rad1 Rd7 21.Rxd7 
Bxd7 22.Bd6 Ba4 23.Qa3 Rc8 24.b3 Bc6 25.Bxc6 Rxc6 26.c5 f5 27.b4 Bxc3 28.
Rd1 bxc5 29.bxc5 Ba5 30.Qa4 Rc8 31.Qb3 Qd7 32.Rb1 Bc7 33.Rd1 Bd8 34.Re1 
Kf7 35.Rb1 Ke8 36.Qb2 Kf7 37.Qh8 Bf6 38.Qxh7+ Bg7 39.Be5 Rg8 40.Rb2 Qd5 
41.Kf2 Qxc5+ 42.Ke2 Qc4+ 43.Ke3 Qc5+ 44.Ke2 Qc4+ 45.Ke1 Qc1+ 46.Ke2 Qc4+ 
47.Ke3 1/2-1/2

[Event "III Festival"]
[Site "Salsomaggiore Terme ITA"]
[Date "1999.05.09"]
[Round "6"]
[White "Tencati, Giuseppe"]
[Black "Vujovic, Milorad"]
[Result "1-0"]
[WhiteElo "2045"]
[BlackElo "2306"]
[PlyCount "31"]
[EventDate "1999.05.06"]

1.d4 Nf6 2.c4 e6 3.Nf3 Bb4+ 4.Nc3 Bxc3+ 5.bxc3 c5 6.Qc2 d6 7.e4 Nc6 8.Bd3 
e5 9.d5 Na5 10.O-O b6 11.Nd2 Ba6 12.Rb1 Qd7 13.Re1 O-O-O 14.f4 exf4 15.e5 
dxe5 16.Bf5 1-0

[Event "III Festival"]
[Site "Salsomaggiore Terme ITA"]
[Date "1999.05.09"]
[Round "6"]
[White "Tramalloni, Luca"]
[Black "Timpani, Nicola"]
[Result "0-1"]
[WhiteElo "1909"]
[BlackElo "2110"]
[PlyCount "78"]
[EventDate "1999.05.06"]

1.d4 Nf6 2.c4 e6 3.g3 Bb4+ 4.Bd2 Bxd2+ 5.Qxd2 d6 6.Nc3 O-O 7.Nf3 Re8 8.Bg2
Nc6 9.O-O e5 10.e4 Bg4 11.dxe5 dxe5 12.Qe3 Nd4 13.Rfd1 c6 14.Ne2 Qb6 15.
Nexd4 exd4 16.Qxd4 c5 17.Qc3 Nxe4 18.Qc2 Qf6 19.Rd3 Bf5 20.Rad1 Nd6 21.
Rxd6 Bxc2 22.Rxf6 Bxd1 23.Rf5 Rac8 24.h4 Bc2 25.Rf4 Re4 26.Rxf7 Kxf7 27.
Ng5+ Kf6 28.Nxe4+ Bxe4 29.Bxe4 h6 30.Kf1 Ke5 31.Bd5 b5 32.Ke2 Kd4 33.b3 b4
34.Kd2 Rf8 35.f3 Re8 36.Bb7 Re3 37.Bd5 Rd3+ 38.Ke2 Kc3 39.Be4 Rd2+ 0-1

[Event "C.to Regionale Piemonte"]
[Site "Castelpasserino - Rivoli ITA"]
[Date "1999.04.??"]
[Round "?"]
[White "Barosso, Renzo"]
[Black "Lampic, Teo"]
[Result "1-0"]
[WhiteElo "1674"]
[BlackElo "2303"]
[PlyCount "53"]
[EventDate "1999.04.29"]

1. d4 d6 2. c4 e5 3. d5 f5 4. e3 Nf6 5. Nc3 a5 6. Nge2 Be7 7. Ng3 O-O 8. Be2
Na6 9. O-O g6 10. b3 h5 11. Re1 Nc5 12. Nf1 g5 13. g3 Rf7 14. Nd2 g4 15. Kg2 h4
16. Bb2 f4 17. exf4 exf4 18. gxf4 Nh5 19. Kh1 Nxf4 20. Nde4 Nxe4 21. Nxe4 Bf5
22. Bxg4 Bxe4+ 23. Rxe4 Bf8 24. Rxf4 Rxf4 25. Be6+ Kh7 26. Qd3+ Kh6 27. Rg1 1-0

[Event "C.to Regionale Toscana"]
[Site "Firenze ITA"]
[Date "1999.04.24"]
[Round "?"]
[White "Corso, Roberto"]
[Black "Koroveshi, Thoma"]
[Result "0-1"]
[WhiteElo "1648"]
[BlackElo "2029"]
[PlyCount "46"]
[EventDate "1999.04.25"]

1. e4 c5 2. Nc3 Nc6 3. g3 g6 4. Bg2 Bg7 5. d3 e6 6. f4 Nge7 7. Be3 Nd4 8. Nf3
d5 9. O-O Nxf3+ 10. Qxf3 d4 11. f5 exf5 12. exf5 Bxf5 13. g4 Be6 14. Bg5 dxc3
15. Qxb7 Bd4+ 16. Kh1 Bd5 17. Qb5+ Qd7 18. Qxd7+ Kxd7 19. Bxd5 Nxd5 20. Rxf7+
Ke6 21. Rb7 cxb2 22. Re1+ Kd6 23. c4 Rhb8 0-1

[Event "C.to Regionale Toscana"]
[Site "Firenze ITA"]
[Date "1999.04.25"]
[Round "?"]
[White "Malescusi, Luciano"]
[Black "Koroveshi, Thoma"]
[Result "0-1"]
[WhiteElo "1759"]
[BlackElo "2029"]
[PlyCount "62"]
[EventDate "1999.04.25"]

1. Nf3 Nf6 2. g3 c5 3. Bg2 Nc6 4. O-O e5 5. d3 d5 6. Bg5 Be7 7. Nbd2 O-O 8. e4
Be6 9. Re1 d4 10. Nc4 h6 11. Bd2 Nd7 12. a4 a6 13. Na3 Qb8 14. c3 b5 15. cxd4
cxd4 16. Rc1 Rc8 17. a5 Nc5 18. Qe2 Na4 19. Ra1 Ra7 20. h4 Nxb2 21. Reb1 Na4
22. Nh2 Nc3 23. Bxc3 dxc3 24. Nc2 b4 25. Ng4 b3 26. Nge3 Rb7 27. Nd5 bxc2 28.
Qxc2 Bxd5 29. exd5 Nd4 30. Rxb7 Qxb7 31. Kh2 Nxc2 0-1

[Event "II Festival A"]
[Site "Catania ITA"]
[Date "1999.04.25"]
[Round "5"]
[White "Licciardello, Salvatore"]
[Black "Alaimo, Riccardo"]
[Result "0-1"]
[WhiteElo "1873"]
[BlackElo "2085"]
[PlyCount "36"]
[EventDate "1999.04.23"]

1. e4 c5 2. Nf3 d6 3. Bb5+ Nd7 4. d4 Ngf6 5. Nc3 cxd4 6. Qxd4 e5 7. Qd3 h6 8.
Nd2 Be7 9. Nc4 O-O 10. Bxd7 Bxd7 11. Ne3 Be6 12. g4 Rc8 13. Nf5 d5 14. Qh3 Nxe4
15. Nxe4 dxe4 16. Bxh6 Rxc2 17. O-O Bxf5 18. Rad1 Bd7 0-1

[Event "V Torneo Leonardo di Bona Internazionale"]
[Site "Cutro ITA"]
[Date "1999.04.23"]
[Round "1"]
[White "Abatino, Maurizio"]
[Black "Borgo, Giulio"]
[Result "0-1"]
[WhiteElo "2275"]
[BlackElo "2448"]
[PlyCount "62"]
[EventDate "1999.04.23"]

1. d4 d5 2. c4 e6 3. Nc3 c6 4. e3 Nf6 5. Nf3 Nbd7 6. Ne5 Nxe5 7. dxe5 Nd7 8. f4
Nb6 9. Qb3 f6 10. exf6 Qxf6 11. Bd2 Bd7 12. O-O-O O-O-O 13. e4 d4 14. Na4 Nxa4
15. Qxa4 Kb8 16. Bd3 e5 17. g3 Bd6 18. Rdf1 Bh3 19. Rf2 exf4 20. Bxf4 g5 21.
Bxd6+ Qxd6 22. Re1 Qe5 23. Qd1 h5 24. Qd2 Rhf8 25. Kb1 c5 26. a3 a6 27. Ka2 Ka7
28. Ree2 Bf1 29. Rxf1 Rxf1 30. Qa5 Rdf8 31. b4 Rd1 0-1

[Event "V Torneo Leonardo di Bona Internazionale"]
[Site "Cutro ITA"]
[Date "1999.04.23"]
[Round "1"]
[White "Djuric, Stefan"]
[Black "Pegorari, Pietro"]
[Result "1-0"]
[WhiteElo "2517"]
[BlackElo "2385"]
[PlyCount "35"]
[EventDate "1999.04.23"]

1. e4 e5 2. Nf3 d6 3. d4 exd4 4. Nxd4 Be7 5. Bd3 Nf6 6. O-O O-O 7. Re1 Re8 8.
c4 Na6 9. Nc3 Nc5 10. Bc2 c6 11. h3 Bf8 12. Bg5 Ne6 13. Bh4 Nxd4 14. Qxd4 Be6
15. Qd3 Be7 16. Nd5 h6 17. e5 dxe5 18. Bxf6 1-0

[Event "V Torneo Leonardo di Bona Internazionale"]
[Site "Cutro ITA"]
[Date "1999.04.23"]
[Round "1"]
[White "Efimov, Igor"]
[Black "Romanishin, Oleg M."]
[Result "1/2-1/2"]
[WhiteElo "2494"]
[BlackElo "2572"]
[PlyCount "70"]
[EventDate "1999.04.23"]

1. d4 Nf6 2. Nf3 g6 3. g3 Bg7 4. Bg2 O-O 5. O-O d5 6. Nbd2 a5 7. Ne5 c5 8. c3
cxd4 9. cxd4 Qb6 10. Ndf3 Nc6 11. b3 Ne4 12. Nxc6 bxc6 13. Ba3 a4 14. e3 Re8
15. Ne5 Bf5 16. f3 Nc3 17. Qd2 Bxe5 18. Qxc3 Bd6 19. Bc5 Bxc5 20. dxc5 Qb5 21.
b4 a3 22. g4 Bd3 23. Rfd1 Be2 24. Bf1 Bxf1 25. Rxf1 e5 26. Rab1 e4 27. fxe4
Rxe4 28. h3 Qe2 29. Rbe1 Qb2 30. Qf6 Qxf6 31. Rxf6 Rxb4 32. Ref1 Rf8 33. Rxc6
Rb2 34. Rf2 Re8 35. Rxb2 axb2 1/2-1/2

[Event "V Torneo Leonardo di Bona Internazionale"]
[Site "Cutro ITA"]
[Date "1999.04.23"]
[Round "1"]
[White "Epishin, Vladimir V."]
[Black "Chatalbashev, Boris"]
[Result "1/2-1/2"]
[WhiteElo "2578"]
[BlackElo "2524"]
[PlyCount "71"]
[EventDate "1999.04.23"]

1. d4 d6 2. g3 e5 3. Bg2 exd4 4. Nf3 c5 5. c3 dxc3 6. Nxc3 Nf6 7. O-O Be7 8. e4
Nc6 9. Bf4 O-O 10. Re1 Bg4 11. h3 Bxf3 12. Qxf3 Re8 13. Qd1 Qa5 14. Be3 Rad8
15. f4 b5 16. Kh2 Bf8 17. Bf2 Qb6 18. Qd3 b4 19. Nd5 Nxd5 20. Qxd5 g6 21. Rad1
Bg7 22. e5 Nd4 23. exd6 Rf8 24. d7 Qc7 25. Rc1 Rxd7 26. Rxc5 Qd8 27. Qc4 Ne6
28. Rd5 Bxb2 29. Rxd7 Qxd7 30. Qxb4 Bd4 31. Bxd4 Qxd4 32. Qxd4 Nxd4 33. Re7 Rb8
34. Bd5 Rb2+ 35. Kh1 Rb1+ 36. Kg2 1/2-1/2

[Event "V Torneo Leonardo di Bona Internazionale"]
[Site "Cutro ITA"]
[Date "1999.04.23"]
[Round "1"]
[White "Georgiev, Krum I."]
[Black "Krasenkow, Michal"]
[Result "1/2-1/2"]
[WhiteElo "2490"]
[BlackElo "2643"]
[PlyCount "111"]
[EventDate "1999.04.23"]

1. e4 c5 2. Nf3 e6 3. b3 d6 4. Bb2 e5 5. Bc4 Be7 6. O-O Nc6 7. c3 Nf6 8. d4 O-O
9. Re1 Qc7 10. Nbd2 Bg4 11. h3 Bh5 12. d5 Nb8 13. Nf1 Bg6 14. N3d2 Nbd7 15. Ng3
h5 16. Qf3 h4 17. Nf5 Bxf5 18. exf5 Nh7 19. Ne4 Ndf6 20. Rad1 Nxe4 21. Qxe4 Bg5
22. Qg4 Qd8 23. Bd3 Qf6 24. g3 Qh6 25. Kg2 Nf6 26. Qf3 Rae8 27. Re2 Re7 28. c4
Rfe8 29. Be4 g6 30. Bc3 Nh5 31. Qg4 Kh8 32. Rde1 gxf5 33. Qxf5 Rg8 34. Bf3 hxg3
35. fxg3 Nxg3 36. Kxg3 Bd2+ 37. Kh2 Bxc3 38. Rg1 Rxg1 39. Kxg1 Re8 40. Qxf7
Rg8+ 41. Rg2 Rf8 42. Qh5 Bd4+ 43. Kh2 Qxh5 44. Bxh5 Rf1 45. Be2 Ra1 46. Bg4 e4
47. Kg3 e3 48. Kf4 Kg7 49. h4 Kf6 50. h5 Rh1 51. Ke4 Rh4 52. Kd3 Ke5 53. Bf3
Kf4 54. Ke2 Bf6 55. Rg1 Bg5 56. Rh1 1/2-1/2

[Event "V Torneo Leonardo di Bona Internazionale"]
[Site "Cutro ITA"]
[Date "1999.04.23"]
[Round "1"]
[White "Zontakh, Andrey"]
[Black "Skembris, Spyridon"]
[Result "1/2-1/2"]
[WhiteElo "2530"]
[BlackElo "2445"]
[PlyCount "87"]
[EventDate "1999.04.23"]

1. e4 e5 2. Nf3 Nc6 3. Bb5 a6 4. Ba4 Nf6 5. O-O Nxe4 6. d4 b5 7. Bb3 d5 8. dxe5
Be6 9. Nbd2 Bc5 10. Nxe4 dxe4 11. Bxe6 fxe6 12. Ng5 Qxd1 13. Rxd1 O-O 14. Nxe4
Bb6 15. Kf1 h6 16. c3 Nxe5 17. Ke2 Rad8 18. Rxd8 Rxd8 19. b3 Kf7 20. f3 Rd5 21.
a4 Nd7 22. c4 bxc4 23. bxc4 Rh5 24. Bf4 Rf5 25. Bd2 Ke7 26. Bc3 Rh5 27. Rh1 Nf6
28. g4 Rh3 29. Nf2 Bxf2 30. Kxf2 h5 31. g5 Nh7 32. Bd2 e5 33. Kg2 Rh4 34. Re1
Rxc4 35. Rxe5+ Kd6 36. f4 Nf8 37. Be3 Ng6 38. Ra5 Nxf4+ 39. Bxf4+ Rxf4 40.
Rxa6+ c6 41. h3 Rf5 42. h4 Rf4 43. Kg3 Rg4+ 44. Kh3 1/2-1/2

[Event "V Torneo Leonardo di Bona Internazionale"]
[Site "Cutro ITA"]
[Date "1999.04.24"]
[Round "2"]
[White "Borgo, Giulio"]
[Black "Efimov, Igor"]
[Result "1/2-1/2"]
[WhiteElo "2448"]
[BlackElo "2494"]
[PlyCount "31"]
[EventDate "1999.04.23"]

1. e4 e5 2. Nf3 Nc6 3. Bb5 a6 4. Ba4 Nf6 5. O-O b5 6. Bb3 Be7 7. Re1 d6 8. c3
O-O 9. h3 Nb8 10. d4 Nbd7 11. Nbd2 Bb7 12. Bc2 Re8 13. Nf1 Bf8 14. Ng3 g6 15.
b3 Bg7 16. d5 1/2-1/2

[Event "V Torneo Leonardo di Bona Internazionale"]
[Site "Cutro ITA"]
[Date "1999.04.24"]
[Round "2"]
[White "Chatalbashev, Boris"]
[Black "Djuric, Stefan"]
[Result "1-0"]
[WhiteElo "2524"]
[BlackElo "2517"]
[PlyCount "102"]
[EventDate "1999.04.23"]

1. d4 Nf6 2. c4 e6 3. Nf3 d5 4. Nc3 Be7 5. Bg5 O-O 6. e3 Nbd7 7. Qc2 c5 8. cxd5
Nxd5 9. Bxe7 Qxe7 10. Nxd5 exd5 11. Be2 cxd4 12. Nxd4 Nf6 13. O-O Be6 14. Rac1
Rac8 15. Qa4 a6 16. Qa5 Ne4 17. Bd3 Qd6 18. Rfd1 Bd7 19. Ne2 Rxc1 20. Rxc1 Qf6
21. f3 Qh6 22. Nf4 Nf6 23. Qb6 Re8 24. Rc7 Bc6 25. Qd4 g5 26. Ne2 Nh5 27. g4
Ng7 28. Ng3 Ne6 29. Nf5 Qg6 30. Rxc6 Qxf5 31. gxf5 Nxd4 32. Rc7 Nxf3+ 33. Kf2
Ne5 34. Be2 Kg7 35. Rxb7 Kf6 36. Rb6+ Kxf5 37. Rxa6 Rb8 38. b3 Rc8 39. Ke1 Ke4
40. Kf2 Rd8 41. Ra4+ Kf5 42. b4 h5 43. b5 g4 44. Rf4+ Ke6 45. a4 f5 46. a5 h4
47. b6 h3 48. a6 Rh8 49. a7 Nc6 50. Ra4 Nxa7 51. bxa7 Ra8 1-0

[Event "V Torneo Leonardo di Bona Internazionale"]
[Site "Cutro ITA"]
[Date "1999.04.24"]
[Round "2"]
[White "Pegorari, Pietro"]
[Black "Georgiev, Krum I."]
[Result "1-0"]
[WhiteElo "2385"]
[BlackElo "2490"]
[PlyCount "61"]
[EventDate "1999.04.23"]

1. Nf3 g6 2. c4 Bg7 3. Nc3 d6 4. g3 e5 5. Bg2 Nc6 6. d3 f5 7. O-O Nh6 8. Bg5
Qd7 9. Nd5 Nf7 10. Bf6 Kf8 11. d4 Bxf6 12. Nxf6 Qd8 13. Nd5 Be6 14. Ne3 Ne7 15.
h4 e4 16. Ng5 Nxg5 17. d5 c5 18. hxg5 Bf7 19. Qc1 Qa5 20. f3 exf3 21. Rxf3 Kg7
22. b3 Rhf8 23. Qb2+ Kg8 24. Qf6 Qc7 25. Rf4 Qd7 26. Qc3 Rae8 27. Kf2 Nc8 28.
Rh1 Qe7 29. Rxh7 Qxe3+ 30. Qxe3 Rxe3 31. Rfh4 1-0

[Event "V Torneo Leonardo di Bona Internazionale"]
[Site "Cutro ITA"]
[Date "1999.04.24"]
[Round "2"]
[White "Romanishin, Oleg M."]
[Black "Epishin, Vladimir V."]
[Result "1-0"]
[WhiteElo "2572"]
[BlackElo "2578"]
[PlyCount "133"]
[EventDate "1999.04.23"]

1. d4 Nf6 2. Nf3 g6 3. g3 Bg7 4. Bg2 d5 5. c4 c6 6. cxd5 cxd5 7. Ne5 O-O 8. Nc3
e6 9. O-O Nc6 10. Nxc6 bxc6 11. Bf4 Nd7 12. Qd2 Ba6 13. Rac1 Re8 14. Rfd1 Qa5
15. b3 Rac8 16. Bd6 Qd8 17. e4 Bb7 18. e5 c5 19. Na4 cxd4 20. Rxc8 Qxc8 21. Rc1
Qa8 22. Qxd4 Rc8 23. Rxc8+ Qxc8 24. Qxa7 Bxe5 25. Bxe5 Nxe5 26. Nc5 Bc6 27. a4
Kg7 28. Qe7 Ba8 29. Qd6 Nc6 30. Nd3 Qf8 31. Qc7 Qa3 32. Qc8 Qf8 33. Qa6 Qd8 34.
b4 e5 35. b5 e4 36. bxc6 exd3 37. Qxd3 Bxc6 38. Qc3+ Qf6 39. Qxf6+ Kxf6 40. a5
Ke5 41. f4+ Kd4 42. Kf2 Kc5 43. Bf1 f6 44. Bd3 d4 45. a6 Kb6 46. Ke2 Bd5 47. h4
Be6 48. Kd2 Bc8 49. Bc4 h6 50. Kd3 Kc5 51. a7 Bb7 52. Bf7 g5 53. Bg6 Ba6+ 54.
Kd2 Bb7 55. Kd3 Ba6+ 56. Ke4 Bb7+ 57. Kf5 d3 58. Kxf6 d2 59. Bh5 gxf4 60. gxf4
Kb6 61. Kg7 Kxa7 62. f5 Kb6 63. f6 Bd5 64. Kxh6 Kc7 65. Kg7 Kd6 66. f7 Bxf7 67.
Kxf7 1-0

[Event "V Torneo Leonardo di Bona Internazionale"]
[Site "Cutro ITA"]
[Date "1999.04.24"]
[Round "2"]
[White "Skembris, Spyridon"]
[Black "Krasenkow, Michal"]
[Result "1-0"]
[WhiteElo "2445"]
[BlackElo "2643"]
[PlyCount "83"]
[EventDate "1999.04.23"]

1. d4 g6 2. c4 Bg7 3. e4 d6 4. Nc3 c5 5. d5 e6 6. Bd3 Ne7 7. Nf3 O-O 8. O-O Nd7
9. h3 a6 10. a4 b6 11. Ra3 Ne5 12. Nxe5 Bxe5 13. Bh6 Re8 14. Qd2 exd5 15. cxd5
f5 16. Bg5 Qc7 17. Re1 c4 18. Bb1 fxe4 19. Rxe4 Bb7 20. Rxe5 dxe5 21. d6 Qd7
22. dxe7 Qxd2 23. Bxd2 Rxe7 24. Be3 b5 25. axb5 axb5 26. Nxb5 Rxa3 27. Nxa3 Bd5
28. Ba2 Rc7 29. Bd2 Kf7 30. Bc3 Ke6 31. f3 Rc8 32. Kf2 Rc7 33. Ke3 Rc8 34. Bb1
Rc7 35. Be4 g5 36. Nc2 h5 37. Nb4 Bxe4 38. Kxe4 Rd7 39. Nc6 Rd1 40. Nxe5 Rg1
41. g4 h4 42. f4 1-0

[Event "V Torneo Leonardo di Bona Internazionale"]
[Site "Cutro ITA"]
[Date "1999.04.24"]
[Round "2"]
[White "Zontakh, Andrey"]
[Black "Abatino, Maurizio"]
[Result "1-0"]
[WhiteElo "2530"]
[BlackElo "2275"]
[PlyCount "65"]
[EventDate "1999.04.23"]

1. e4 e6 2. d4 d5 3. Nc3 dxe4 4. Nxe4 Bd7 5. Nf3 Bc6 6. Bd3 Nd7 7. O-O Ngf6 8.
Ng3 Be7 9. Re1 O-O 10. c3 Bxf3 11. Qxf3 c6 12. Bg5 Qa5 13. h4 Rfe8 14. a4 Rad8
15. Bf4 Qd5 16. Qe2 Nf8 17. Bc4 Qd7 18. h5 h6 19. Rad1 a6 20. Be5 b5 21. Bd3
Qb7 22. Bc2 Rd7 23. Rd3 Red8 24. b4 a5 25. bxa5 Qa6 26. Ne4 Nxe4 27. Qxe4 f6
28. Bf4 bxa4 29. Bxa4 e5 30. Bb3+ Kh8 31. Bxh6 exd4 32. Bxg7+ Kxg7 33. Rg3+ 1-0

[Event "V Torneo Leonardo di Bona Internazionale"]
[Site "Cutro ITA"]
[Date "1999.04.25"]
[Round "3"]
[White "Abatino, Maurizio"]
[Black "Skembris, Spyridon"]
[Result "0-1"]
[WhiteElo "2275"]
[BlackElo "2445"]
[PlyCount "40"]
[EventDate "1999.04.23"]

1. d4 d5 2. c4 Nc6 3. Nc3 dxc4 4. Nf3 Nf6 5. e3 Bg4 6. Qa4 Bxf3 7. gxf3 a6 8.
Qxc4 e5 9. dxe5 Nxe5 10. Qe2 Bb4 11. Bd2 O-O 12. f4 Ng6 13. O-O-O Re8 14. Rg1
Qe7 15. Qf3 Rad8 16. Bh3 Bxc3 17. Bxc3 Ne4 18. Rxd8 Rxd8 19. Be1 Qc5+ 20. Kb1
Rd2 0-1

[Event "V Torneo Leonardo di Bona Internazionale"]
[Site "Cutro ITA"]
[Date "1999.04.25"]
[Round "3"]
[White "Djuric, Stefan"]
[Black "Romanishin, Oleg M."]
[Result "1-0"]
[WhiteElo "2517"]
[BlackElo "2572"]
[PlyCount "87"]
[EventDate "1999.04.23"]

1. d4 Nf6 2. c4 d6 3. g3 e5 4. Bg2 exd4 5. Qxd4 Nc6 6. Qe3+ Be7 7. Nc3 O-O 8.
Qd2 Bf5 9. e4 Be6 10. b3 a5 11. Nge2 a4 12. Rb1 axb3 13. axb3 Ne5 14. h3 c5 15.
f4 Nc6 16. O-O Re8 17. Bb2 Bf8 18. Nb5 Na7 19. Bxf6 gxf6 20. Nxa7 Rxa7 21. g4
Qa5 22. Qd3 Qb4 23. Nc3 Ra3 24. Nb5 Ra5 25. f5 Bd7 26. Nc7 Re5 27. Nd5 Rxd5 28.
exd5 Ra3 29. Qg3 b5 30. g5 bxc4 31. gxf6+ Kh8 32. Rf3 Rxb3 33. Rbxb3 cxb3 34.
Rxb3 Qd4+ 35. Kh2 Qxf6 36. Rb8 Qh6 37. f6 Bf5 38. Qxd6 Kg8 39. Qg3+ Bg6 40. Qe5
c4 41. d6 c3 42. d7 c2 43. d8=Q c1=Q 44. Qxf8+ 1-0

[Event "V Torneo Leonardo di Bona Internazionale"]
[Site "Cutro ITA"]
[Date "1999.04.25"]
[Round "3"]
[White "Efimov, Igor"]
[Black "Zontakh, Andrey"]
[Result "1/2-1/2"]
[WhiteElo "2494"]
[BlackElo "2530"]
[PlyCount "92"]
[EventDate "1999.04.23"]

1. Nf3 d5 2. c4 c6 3. e3 Nf6 4. b3 Bg4 5. Bb2 e6 6. Be2 Nbd7 7. O-O Bd6 8. Nc3
O-O 9. Rc1 Re8 10. h3 Bh5 11. d3 Qe7 12. Rc2 a6 13. cxd5 exd5 14. Re1 Rad8 15.
Nh4 Bxe2 16. Nxe2 g6 17. Nf3 Ne5 18. Nxe5 Bxe5 19. Bxe5 Qxe5 20. b4 Qe7 21. Rb2
Nh5 22. a4 Ng7 23. Qd2 Nf5 24. Rc1 Qg5 25. Kh1 Qh4 26. Ng1 Nd6 27. Nf3 Qf6 28.
Qc3 Qe7 29. Nd4 Rc8 30. Rbc2 Qf6 31. Nb3 Qg5 32. Qd4 h5 33. Nc5 Nf5 34. Qb2 Re7
35. e4 Nd6 36. f3 Rce8 37. Rf1 Qf4 38. Rcc1 h4 39. Rce1 Nf5 40. Kg1 Ng3 41. Rf2
Nh5 42. Qd2 Qxd2 43. Rxd2 f5 44. a5 Ng3 45. Kf2 Kg7 46. Rdd1 fxe4 1/2-1/2

[Event "V Torneo Leonardo di Bona Internazionale"]
[Site "Cutro ITA"]
[Date "1999.04.25"]
[Round "3"]
[White "Epishin, Vladimir V."]
[Black "Borgo, Giulio"]
[Result "1-0"]
[WhiteElo "2578"]
[BlackElo "2448"]
[PlyCount "80"]
[EventDate "1999.04.23"]

1. c4 c5 2. Nf3 Nf6 3. Nc3 b6 4. g3 Bb7 5. Bg2 g6 6. O-O Bg7 7. d4 cxd4 8. Nxd4
Bxg2 9. Kxg2 Qc7 10. b3 O-O 11. Bb2 Qb7+ 12. f3 d5 13. cxd5 Nxd5 14. Nxd5 Qxd5
15. Rc1 Rd8 16. Qc2 Bxd4 17. Bxd4 Nc6 18. Ba1 Rdc8 19. Rfd1 Qe6 20. Qc4 Nd8 21.
Qb5 Nb7 22. Kf2 Rc5 23. Qd3 f6 24. Rxc5 Nxc5 25. Qd4 Rc8 26. g4 Kf7 27. Qd2 Nb7
28. Qh6 Kg8 29. Rd3 Nd6 30. Qd2 g5 31. Bb2 Rc5 32. Ba3 Rc6 33. Re3 Qd7 34. Qd5+
Kf8 35. h4 gxh4 36. Qh5 Ne8 37. Qxh7 Re6 38. Qf5 Kf7 39. g5 Rd6 40. Qh7+ Kf8
1-0

[Event "V Torneo Leonardo di Bona Internazionale"]
[Site "Cutro ITA"]
[Date "1999.04.25"]
[Round "3"]
[White "Georgiev, Krum I."]
[Black "Chatalbashev, Boris"]
[Result "1/2-1/2"]
[WhiteElo "2490"]
[BlackElo "2524"]
[PlyCount "23"]
[EventDate "1999.04.23"]

1. e4 c5 2. Nf3 g6 3. g3 Bg7 4. Bg2 Nc6 5. O-O e6 6. d3 Nge7 7. c3 O-O 8. Be3
b6 9. Re1 Bb7 10. Nbd2 d5 11. Bg5 h6 12. Bxe7 1/2-1/2